|
|
|
|
| LEADER |
00000nam0a2200000 4500 |
| 001 |
374489 |
| 005 |
20231102012645.0 |
| 035 |
|
|
|a (RuTPU)RU\TPU\retro\31923
|
| 035 |
|
|
|a RU\TPU\book\303941
|
| 090 |
|
|
|a 374489
|
| 100 |
|
|
|a 20221219d1986 k y0rusy50 ca
|
| 101 |
0 |
|
|a rus
|
| 102 |
|
|
|a RU
|
| 105 |
|
|
|a a z 001zy
|
| 200 |
1 |
|
|a Гибкие производственные системы
|e материалы семинара
|f Общество "Знание" РСФСР ; Московский Дом научно-технической пропаганды ; под ред. И. Т. Гусева
|
| 210 |
|
|
|a Москва
|c Знание
|d 1986
|
| 215 |
|
|
|a 149 с.
|c ил.
|
| 320 |
|
|
|a Библиография в конце статей
|
| 606 |
1 |
|
|a Гибкие производственные системы
|2 stltpush
|3 (RuTPU)RU\TPU\subj\6412
|9 34297
|
| 610 |
1 |
|
|a производство
|
| 610 |
1 |
|
|a автоматизация
|
| 610 |
1 |
|
|a механизация
|
| 610 |
1 |
|
|a робототехника
|
| 610 |
1 |
|
|a робототехнические комплексы
|
| 610 |
1 |
|
|a технологические комплексы
|
| 610 |
1 |
|
|a инвариантные модели
|
| 610 |
1 |
|
|a информационное обеспечение
|
| 610 |
1 |
|
|a диспетчерское управление
|
| 610 |
1 |
|
|a оперативное планирование
|
| 610 |
1 |
|
|a бесконтактный контроль
|
| 610 |
1 |
|
|a семинары
|
| 675 |
|
|
|a 658.52.011.56.012.3(063)
|v 3
|
| 702 |
|
1 |
|a Гусев
|b И. Т.
|4 340
|
| 712 |
0 |
2 |
|a Общество "Знание" РСФСР
|c (Москва)
|2 stltpush
|3 (RuTPU)RU\TPU\col\7484
|
| 712 |
0 |
2 |
|a Московский Дом научно-технической пропаганды
|2 stltpush
|3 (RuTPU)RU\TPU\col\7885
|9 24405
|
| 801 |
|
1 |
|a RU
|b 63413507
|c 20150112
|
| 801 |
|
2 |
|a RU
|b 63413507
|c 20221219
|g RCR
|
| 942 |
|
|
|c BK
|